Exploring Public Relations / (Record no. 13437)
[ view plain ]
| 000 -LEADER | |
|---|---|
| fixed length control field | 02485nac a22003251u 4500 |
| 008 - FIXED-LENGTH DATA ELEMENTS--GENERAL INFORMATION | |
| fixed length control field | 100221r20062009enk|||||r|||| 001 0 eng d |
| 010 ## - LIBRARY OF CONGRESS CONTROL NUMBER | |
| LC control number | |
| 020 ## - INTERNATIONAL STANDARD BOOK NUMBER | |
| International Standard Book Number | 9780273715948 |
| 082 00 - DEWEY DECIMAL CLASSIFICATION NUMBER | |
| Classification number | 659.2 |
| Item number | EXP |
| Edition number | 22 |
| 100 ## - MAIN ENTRY--PERSONAL NAME | |
| Personal name | 20080729 |
| 9 (RLIN) | 11585 |
| 245 00 - TITLE STATEMENT | |
| Title | Exploring Public Relations / |
| Statement of responsibility, etc | [Edited by] Ralph Tench and Liz Yeomans. |
| 250 ## - EDITION STATEMENT | |
| Edition statement | 2nd ed. |
| 260 ## - PUBLICATION, DISTRIBUTION, ETC. (IMPRINT) | |
| Place of publication, distribution, etc | Harlow, England ; |
| -- | New York : |
| Name of publisher, distributor, etc | FT Prentice Hall, 2009 |
| Date of publication, distribution, etc | 2009 |
| 300 ## - PHYSICAL DESCRIPTION | |
| Extent | 666 p. : |
| Other physical details | ill. ; |
| Dimensions | 26 cm. |
| 504 ## - BIBLIOGRAPHY, ETC. NOTE | |
| Bibliography, etc | Includes bibliographical references and index. |
| 650 #0 - SUBJECT ADDED ENTRY--TOPICAL TERM | |
| Topical term or geographic name as entry element | Public relations. |
| 9 (RLIN) | 11586 |
| 700 1# - ADDED ENTRY--PERSONAL NAME | |
| Personal name | Tench, Ralph |
| 9 (RLIN) | 11584 |
| 700 1# - ADDED ENTRY--PERSONAL NAME | |
| Personal name | Yeomans, Liz. |
| 9 (RLIN) | 11587 |
| 942 ## - ADDED ENTRY ELEMENTS (KOHA) | |
| Item type | NB - Book (Non borrowing) |
| Call number prefix | 659.2 PUB |
| Source of classification or shelving scheme | Dewey Decimal Classification |
| Withdrawn status | Item status | Source of classification or shelving scheme | Damaged status | Not for loan | Vendor | Home library | Current library | Shelving location | Date acquired | Source of acquisition | Total Checkouts | Full call number | Barcode | Date last seen | Date last borrowed | Koha item type | Cost, normal purchase price | Total Renewals | Cost, replacement price | Materials specified (bound volume or other part) |
|---|---|---|---|---|---|---|---|---|---|---|---|---|---|---|---|---|---|---|---|---|
| Dewey Decimal Classification | Central Library | Central Library | First floor | 21/02/2010 | 7 | 659.2 EXP | 000019756 | 15/07/2025 | 17/03/2011 | NB - Book (Non borrowing) | ||||||||||
| Dewey Decimal Classification | Baccah | Central Library | Central Library | First floor | 20/03/2011 | 7 | 659.2 EXP | 000022905 | 15/07/2025 | 24/04/2017 | Book - Borrowing | 180.00 | 16 | 225.00 | ||||||
| Dewey Decimal Classification | Baccah | Central Library | Central Library | First floor | 20/03/2011 | 5 | 659.2 EXp | 000022904 | 15/07/2025 | 21/02/2016 | Book - Borrowing | 8 | ||||||||
| Dewey Decimal Classification | Baccah | Central Library | Central Library | First floor | 20/03/2011 | 4 | 659.2 EXP | 000022903 | 15/07/2025 | 26/02/2019 | Book - Borrowing | 14 | ||||||||
| Dewey Decimal Classification | Baccah | Central Library | Central Library | First floor | 20/03/2011 | 3 | 659.2 EXP | 000022902 | 15/07/2025 | 27/03/2019 | Book - Borrowing | 18 | ||||||||
| Dewey Decimal Classification | Baccah | Central Library | Central Library | First floor | 20/03/2011 | 6 | 659.2 EXP | 000022901 | 15/07/2025 | 16/11/2021 | Book - Borrowing | 26 | ||||||||
| Lost | Dewey Decimal Classification | Baccah | Central Library | Central Library | First floor | 20/03/2011 | 7 | 659.2 EXP | 000022900 | 15/10/2019 | 05/03/2017 | Book - Borrowing | 28 | Lost_In_Inventory_12-2-2024 | ||||||
| Dewey Decimal Classification | Baccah | Central Library | Central Library | First floor | 20/03/2011 | 3 | 659.2 EXP | 000022990 | 15/07/2025 | 15/08/2011 | Book - Borrowing | 10 | ||||||||
| Dewey Decimal Classification | Baccah | Central Library | Central Library | First floor | 20/03/2011 | 8 | 659.2 EXP | 000022899 | 15/07/2025 | 11/05/2014 | Book - Borrowing | 6 | ||||||||
| Dewey Decimal Classification | Baccah | Central Library | Central Library | First floor | 20/03/2011 | 5 | 659.2 EXP | 000022991 | 15/07/2025 | 06/11/2016 | Book - Borrowing | 5 |